000
00207 a2200097 4500
001
2829
100
_a
Cobbett,
245
_a
Selections with Hazlitt,S Essy
260
_a
_b
Clarendon
_c
090
_c
2124
_d
2124
942
_a
NUST-CAE
_c
M
_c
12492
999
_c
237902
_d
237902